000 00644nam a2200193 i 4500
001 141572
003 ES-MaACL
005 20250716063307.0
007 t|
008 070925s1974 sp ||||1| spa d
100 0 _aVoltaire,
_d1694-1778
_9115721
245 1 0 _aCándido y otros cuentos /
_cVoltaire ; selección y nota preliminar de Paulino Garagorri ; [traductor: Antonio Espina].
260 _aMadrid :
_bAlianza,
_c[1974]
300 _a223 p. ;
_c18 cm.
700 1 _aGaragorri, Paulino,
_d1916-2007
_953911
700 1 _aEspina, Antonio,
_d1894-1972
_947833
852 _aES-MaACL
_jE-5469
_bR.89624
999 _c141572
_d141572